Processing equipment for agricultural products /
Guardado en:
| Autor Principal: | |
|---|---|
| Formato: | Libro |
| Idioma: | English |
| Publicado: |
Westport, Conn. :
AVI Pub. co.,
c1963.
|
| Materias: | |
| Etiquetas: |
Agregar Etiqueta
Sin Etiquetas, Sea el primero en etiquetar este registro!
|
| LEADER | 00668nam a22001815a 4500 | ||
|---|---|---|---|
| 001 | EIQ.libpla002328 | ||
| 008 | 070529s1963####ctuao####b####001#0#eng#d | ||
| 005 | 20070529144933.0 | ||
| 245 | 1 | 0 | |a Processing equipment for agricultural products / |c by Carl W. Hall. |
| 260 | |a Westport, Conn. : |b AVI Pub. co., |c c1963. | ||
| 300 | |a xvi, 272 p. : |b il., fotos ; |c 23 cm. | ||
| 504 | |a Incluye referencias bibliográficas e índice. | ||
| 020 | |z 0870551223 | ||
| 100 | 1 | |a Hall, Carl W. | |
| 650 | 4 | |a Proceso agrícola |x Equipo y fuentes. | |
| 650 | 4 | |a Agricultural processing |x Equipment and supplies. | |
| 040 | |a AR-BbSID |b spa |c AR-BbSID | ||
| 859 | |a AR-BbSID |b BIB. PLAPIQUI |h 664.029 |i H 14 |p 1244 | ||
